Угадай аниме по кадру №2 - Statistics

General Stats
  • This quiz has been taken 21 times
  • The average score is 10 of 20
Answer Stats
Picture Answer % Correct
"Тетрадь Смерти" / "Death Note"
100%
"Волейбол!!" / "Volleyball!!"
94%
"Моя Геройская Академия" / "My Hero Academia"
88%
"Охотник Икс Охотник" / "Hunter X Hunter"
82%
"Хоримия" / "Horimiya"
76%
"Эхо террора" / "Terror in Resonance"
71%
"У Коми проблемы с общением" / "Komi Can't Communicate"
65%
"Счастливая звезда" / "Lucky Star"
59%
"Банановая рыба" / "Banana Fish"
53%
"Гинтама" / "Gintama"
53%
"Бездарная Нана" / "Talentless Nana"
47%
"Невеста чародея" / "The Ancient Magus' Bride"
29%
"Мемуары Ванитаса" / "The Case Study of Vanitas"
29%
"Дарованный" / "Given"
24%
"Агрессивная Рэцуко" / "Aggressive Retsuko"
18%
"Бакуман" / "Bakuman"
18%
"Кровь+" / "Blood+"
18%
"Темнее чёрного" / "Darker than Black"
18%
"Ганц" / "Gantz"
18%
"Ёрмунганд" / "Jormungand"
18%
No matching quizzes found
Score Distribution
Percent of People with Each Score
Percentile by Number Answered
Your Score History
You have not taken this quiz